LIBRARY & INFORMATION CENTRE, KCAET, TAVANUR

ONLINE PUBLIC ACCESS CATALOGUE (OPAC)

Normal view MARC view
  • Harchndrasingh

Entry Personal Name

Number of records used in: 1

001 - CONTROL NUMBER

  • control field: 6830

003 - CONTROL NUMBER IDENTIFIER

  • control field: OSt

005 - DATE AND TIME OF LATEST TRANSACTION

  • control field: 20250108110151.0

008 - FIXED-LENGTH DATA ELEMENTS

  • fixed length control field: 250108|| aca||aabn | a|a d

040 ## - CATALOGING SOURCE

  • Original cataloging agency: OSt
  • Transcribing agency: OSt

100 ## - HEADING--PERSONAL NAME

  • Personal name: Harchndrasingh

670 ## - SOURCE DATA FOUND

  • Source citation: Work cat.: (OSt)18981: Bindra OS 6829, Pesticide Application Equipment
free website counter